Online
Catalog

Y se hizo la luz / (Record no. 52173)

MARC details
000 -CABECERA
campo de control de longitud fija 00779nam a22002297a 4500
003 - IDENTIFICADOR DEL NÚMERO DE CONTROL
campo de control DO-SdBNP
005 - FECHA Y HORA DE LA ÚLTIMA TRANSACCIÓN
campo de control 20260521073717.0
007 - CAMPO FIJO DE DESCRIPCIÓN FÍSICA--INFORMACIÓN GENERAL
campo de control de longitud fija ta
008 - DATOS DE LONGITUD FIJA--INFORMACIÓN GENERAL
campo de control de longitud fija 220712b2019 |||||||| |||| 001 0 spa d
040 ## - FUENTE DE LA CATALOGACIÓN
Centro catalogador/agencia de origen DO-SdBNP
Lengua de catalogación spa
Centro/agencia transcriptor BNPHU
082 ## - NÚMERO DE LA CLASIFICACIÓN DECIMAL DEWEY
Número de edición 22
Número de clasificación 333.7932
Número de documento/Ítem C531y
100 10 - ENTRADA PRINCIPAL--NOMBRE DE PERSONA
Nombre de persona Chez Checo, José,
Fechas asociadas al nombre 1949-
9 (RLIN) 10145
245 10 - MENCIÓN DE TÍTULO
Título Y se hizo la luz /
Mención de responsabilidad, etc. José Chez Checo, Mu-kien Adriana Sang
246 ## - FORMA VARIANTE DE TÍTULO
Título propio/Titulo breve Una historia de la energía eléctrica en República Dominicana 1944-2000
260 ## - PUBLICACIÓN, DISTRIBUCIÓN, ETC.
Lugar de publicación, distribución, etc. Santo Domingo :
Nombre del editor, distribuidor, etc. CDEEE,
Fecha de publicación, distribución, etc. 2019.
300 ## - DESCRIPCIÓN FÍSICA
Extensión 807 p. :
Otras características físicas il ;
Dimensiones 31 cm
500 ## - NOTA GENERAL
Nota general Una
590 ## - NOTA LOCAL (RLIN)
Nota local Inventariado, 2022 / SA
650 4# - PUNTO DE ACCESO ADICIONAL DE MATERIA--TÉRMINO DE MATERIA
Término de materia o nombre geográfico como elemento de entrada Energía electrica
Subdivisión cronológica 1844-2000.
Subdivisión geográfica República Dominicana
9 (RLIN) 81991
700 1# - PUNTO DE ACCESO ADICIONAL--NOMBRE DE PERSONA
Nombre de persona Sang, Mu-Kien A.
Fechas asociadas al nombre 1955-
Forma completa/desarrollada del nombre (Mu-Kien Adriana)
9 (RLIN) 331
942 ## - ELEMENTOS DE PUNTO DE ACCESO ADICIONAL (KOHA)
Fuente del sistema de clasificación o colocación Dewey Decimal Classification
Tipo de ítem Koha Libro
Holdings
Estado de retiro Estado de pérdida Fuente del sistema de clasificación o colocación Restricciones de uso No para préstamo Código de colección Localización permanente Ubicación/localización actual Ubicación en estantería Fecha de adquisición Fuente de adquisición Total de préstamos Signatura topográfica completa Código de barras Fecha visto por última vez Precio válido a partir de Tipo de ítem Koha
    Dewey Decimal Classification Excluido de préstamo   Patrimonio Dominicano Biblioteca Nacional Pedro Henríquez Ureña Biblioteca Nacional Pedro Henríquez Ureña En catalogación 13.08.2020 Donado   BNPHU PD 333.7932 C531y 2022-3417 12.07.2022 12.07.2022 Libro

Powered by Koha